000 02685njm a2200457Ia 4500
001 24145
003 IT-RoPAU
005 20220918181130.0
008 131025s9999 xx 000 0 und d
040 _aIT-RoPAU
040 _cIT-RoPAU
999 _c100515
_d100515
999 _bn.d.
100 _aGlahé Will
_99134
100 _eAutore musica
_99135
100 _gCodice autore musica SPICS: 8033
_99136
245 _aPolka King (The)
250 _a1a ed.
260 _aLONDON
260 _bDECCA RECORD COMPANY
_c1975 [1a Ed.:1975 - Ed. Lingua Orig.: 1975]
300 _aDISCO
500 _aMusica strumentale. Musica da ballo.
505 _aKinderfest-Polka - Wettspiele - Juxpolka - Newspaper Boy - Souvenir De Suisse - Beer Barrel Polka (Rosamunde) - Ambross-Polka - O, Susanna - Tanzende Finger - Krakowiak - Klarinetten Polka - Standchen (Serenade) - The Mill in the Black Forest - Am Abend Auf Der Heide
650 _aBALLO [DISCHI]
_eCodice MATERIA SPICS: 9950
_96536
700 _aGlahé Will
_gCodice interprete SPICS: 8033
_eInterprete
_99137
700 _aBrown
_gCodice autore musica SPICS: 20445
_eAutore musica
_pBeer Barrel Polka (Rosamunde)
_99138
700 _aVejvoda Jaromir
_gCodice autore SPICS: 13982
_eAutore
_pBeer Barrel Polka (Rosamunde)
_99139
700 _aTimm
_gCodice autore testo/musica SPICS: 26071
_eAutore testo/musica
_pBeer Barrel Polka (Rosamunde)
_99140
700 _aParlow
_gCodice autore musica SPICS: 27142
_eAutore musica
_pAmbross-Polka
_99141
700 _aBreuer Ianos
_gCodice autore SPICS: 23827
_eAutore
_pAmbross-Polka
_99142
700 _aHinsch
_gCodice autore musica SPICS: 27143
_eAutore musica
_pO, Susanna
_99143
700 _aGlahé Will
_gCodice autore SPICS: 8033
_eAutore
_pO, Susanna - Tanzende Finger - Krakowiak - Klarinetten Polka - Standchen (Serenade) - The Mill in the Black Forest
_99144
700 _aGerlach
_gCodice autore musica SPICS: 13981
_eAutore musica
_pTanzende Finger
_99145
700 _aAA.VV.
_gCodice autore musica SPICS: 12000
_eAutore musica
_pKrakowiak
_99146
700 _aAnonimo
_gCodice autore musica SPICS: 2620
_eAutore musica
_pKlarinetten Polka
_99147
700 _aHeykens J.
_gCodice autore musica SPICS: 13768
_eAutore musica
_pStandchen (Serenade)
_99148
700 _aEilenberg
_gCodice autore musica SPICS: 14491
_eAutore musica
_pThe Mill in the Black Forest
_99149
700 _aDi Lazzaro Eldo
_gCodice autore musica SPICS: 13500
_eAutore musica
_pAm Abend Auf Der Heide
_99150
700 _aRichter Frantisek Xaver
_gCodice autore SPICS: 14275
_eAutore
_pAm Abend Auf Der Heide
_99151
700 _aReiter
_gCodice autore testo/musica SPICS: 18011
_eAutore testo/musica
_pAm Abend Auf Der Heide
_99152
942 _cMD
_2ddc